Responses for Show #5049 - Thursday, July 20, 2006

Celeste DiNucci game 1.

Contestants

[<< previous game]

Celeste DiNucci, a grad student from Philadelphia, Pennsylvania

Jim Mainguy, a customer service representative from North Vancouver, British Columbia, Canada

Inie Park, a research associate from Los Angeles, California (whose 1-day cash winnings total $10,800)

[next game >>]

Jeopardy! Round responses

1806
LET'S START A CLUB
AROUND THE PLAYBOY MANSION
BOOK SEQUELS?
CONVERSION
ABBREVIATED U.S. STATES
(Alex: And in that category we want not only the abbreviation, but the state itself.)
    $200 26
(Alex: 1806, he was all over Europe. [*].)

Napoleon

Triple Stumper
    $200 1
(Inie: What is titanium?)

aluminum

Inie
Triple Stumper
    $200 8
Chicago

Jim
    $200 3
(Celeste: What is The Scarlet Letter?)

Hawthorne

InieCeleste
    $200 10
a pickup truck

Jim
    $200 17
Indiana, IN

Celeste
    $400 27
Webster

Celeste
    $400 2
(Jim: What's a pro golfer?)

a left-handed golfer

JimCeleste
    $400 9
koi

Celeste
    $400 4
(Inie: Who is Vonnegut?)

Ray Bradbury

InieJim
    $400 11
(Celeste: What's a museum?)

a mosque

Celeste
Triple Stumper
    $400 18
North Carolina, NC

Celeste
    $600 28
[The end-of-round signal sounds.]

Jackson

Celeste
    $600 22
a cavity

Triple Stumper
    $600 15
Playmate of the Year

Jim
    $600 5
(Alex: The Last of the Mohicans by [*].)

James Fenimore Cooper

Triple Stumper
    $600 12
analog

Triple Stumper
    $600 19
Idaho, ID

Celeste
    $800 23
stainless steel

Jim
    $800 16
redwoods

Celeste
    $800 6
Alexandre Dumas

Jim
    $800 13
straw

Celeste
    $1,200 20
[Alex prompted when Celeste did not give the abbreviations right away.]

Pennsylvania, PA & Massachusetts, MA

Celeste
    $1000 24
inertia

Triple Stumper
    $1000 25
Aurora

Triple Stumper
    $1000 7
Gabriel García Márquez

Inie
    $1000 14
foreign currencies

Inie
    $1000 21
Connecticut, CT

Jim

Scores at the first commercial break (after clue 15):

Inie Jim Celeste
$1,600 $1,800 $1,000

Scores at the end of the Jeopardy! Round:

Inie Jim Celeste
$1,600 $3,600 $5,200

Double Jeopardy! Round responses

BRITISH POETS
COAL RIDGE
MARVEL
POPE
TED'S HUES
WORD'S WORTH
(Alex: And for each word that we want as a correct response, we will give you the value of those letters in Scrabble.)
    $400 1
Kipling

Jim
    $400 26
(Jim: What is lime? Quicklime?)

limestone

Jim
Triple Stumper
    $400 16
The Incredible Hulk

Celeste
    $400 21
John Paul II

Jim
    $400 11
green

Inie
    $400 6
quiz

Celeste
    $800 2
Lord Byron

Celeste
    $800 27
anthracite

Celeste
    $800 17
Wolverine

Inie
    $800 22
Martin Luther

Celeste
    $800 12
(Inie: What is a muckraker?)
(Alex: No.)
(Inie: Or ye--)

yellow

InieJim
    $800 7
fez

Celeste
    $1200 3
the "Lake Poets"

Celeste
    $1200 28
[The end-of-round signal sounds.]

black lung

Inie
    $1200 18
Elektra

Celeste
    $1200 23
the Swiss Guard

Inie
    $1200 13
red

Celeste
    $1200 8
zephyr

Triple Stumper
    $1600 4
Thomas Gray

Celeste
    $1600 19
Thor

Jim
    $1,100 24
(Inie: Who are the Medici?)

the Borgias

Inie
    $5,200 14
(Celeste: What is China Blue?)

turquoise

Celeste
    $1600 9
quixotic

Celeste
    $2000 5
Ben Jonson

Celeste
    $2000 20
(Jim: Who is Poseidon?)

Sub-Mariner

Jim
Triple Stumper
    $2000 25
(Celeste: What is Trent?)

Nicaea

InieCeleste
    $2000 15
vermillion

Celeste
    $2000 10
(Jim: What is silica?)
(Inie: What is carbon?)

quartz

InieJim
Triple Stumper

Scores at the end of the Double Jeopardy! Round:

Inie Jim Celeste
$3,300 $2,400 $12,800
(lock game)

[wagering suggestions for these scores]

Final Jeopardy! Round responses

EUROPEAN COUNTRIES
(Alex: That's right, yes. The bishop of Urgell and the president of France are the co-princes.)
JimWhat is Andorra?
$2,400
InieWhat is Schleswig-Holstein?
$1,501
CelesteWhat is Monaco?
$2,200
Andorra

Final scores:

Inie Jim Celeste
$1,799 $4,800 $10,600
3rd place: $1,000 2nd place: $2,000 New champion: $10,600

Game dynamics:

Coryat scores:

Inie Jim Celeste
$4,400 $2,400 $17,600
8 R,
5 W
(including 1 DD)
11 R,
4 W
23 R
(including 1 DD),
4 W
(including 1 DD)

Combined Coryat: $24,400

[game clues] [game scores] [suggest correction]

Game tape date: Unknown
The J! Archive is created by fans, for fans. Scraping, republication, monetization, and malicious use prohibited; this site may use cookies and collect identifying information. See terms. The Jeopardy! game show and all elements thereof, including but not limited to copyright and trademark thereto, are the property of Jeopardy Productions, Inc. and are protected under law. This website is not affiliated with, sponsored by, or operated by Jeopardy Productions, Inc. Join the discussion at JBoard.tv.